000 00481nam a2200157Ia 4500
008 100122s9999 xx 000 0 und d
082 _b72114
_a923.254
100 _aखाडिलकर नीलकंठ
245 _aमहात्मा गांधी
250 _a3
260 _bनीलकंठ खाडिलकर
_c2007
300 _a82
630 _aमहात्मा गांधी
730 _aमहात्मा गांधी
942 _cBOOK
999 _c442529
_d442526